00425nam a2200097Ia 4500008004100000100004500041245015500086260002700241650001400268856004500282171212s9999 xx 000 0 und d aGreenberg, Michael D.;McGovern, Geoffrey cGreenberg, Michael D.;McGovern, GeoffreyaAn Early Assessment of the Civil Justice System After the Financial CrisisbSomething Wicked This Way Comes? bRAND Corporationc2012 aEconomics uwww.jstor.org/stable/10.7249/j.ctt3fh0gv